000 00342nam a22001457a 4500
008 221007b ||||| |||| 00| 0 eng d
020 _a9780323056410
041 _aeng
080 _2SEVENTH
_a610.73
082 _a610.73 ALLI
100 _a9
101 _aINF
245 _aNURSING THEORISTS AND THEIR WORK
_cALLIGOOD M
942 _2udc
_cBK
999 _c58411
_d58411